Every TNA World Championship Change In Order - Statistics

General Stats
  • This quiz has been taken 25 times
    4 since last reset
  • The average score is 48 of 64
Answer Stats
Event Date Champion Days Held % Correct
No Surrender '09 9/20/2009 AJ Styles 211
100%
Bound for Glory IX 10/20/2013 AJ Styles 9
100%
Destination X '12 7/8/2012 Austin Aries 98
100%
TNA Impact! 1/10/2018 Austin Aries 102
100%
Impact: Under Pressure 4/24/2018 Austin Aries 173
100%
TNA Impact! 6/19/2014 Bobby Lashley 91
100%
TNA Impact! 1/7/2015 Bobby Lashley 24
100%
Slammiversary XIV 6/12/2016 Bobby Lashley 113
100%
Impact: Genesis 1/8/2017 Bobby Lashley 175
100%
TNA Impact! 10/26/2011 Bobby Roode 256
100%
Lockdown '13 3/10/2013 Bully Ray 130
100%
Impact: Hardcore Justice 8/15/2013 Bully Ray 66
100%
Impact: Destination X 7/18/2013 Chris Sabin 28
100%
TNA Impact! 3/15/2016 Drew Galloway 89
100%
TNA Impact! 10/3/2016 Eddie Edwards 97
100%
TNA Impact! 10/18/2011 James Storm 8
100%
Bound for Glory VI 10/10/2010 Jeff Hardy 91
100%
Against All Odds '11 2/13/2011 Jeff Hardy 11
100%
Bound for Glory VIII 10/14/2012 Jeff Hardy 147
100%
Bound for Glory XIV 10/14/2018 Johnny Impact 196
100%
Sacrifice '07 5/13/2007 Kurt Angle 1
100%
Slammiversary V 6/17/2007 Kurt Angle 119
100%
TNA Impact! 10/16/2007 Kurt Angle 180
100%
Slammiversary VII 6/21/2009 Kurt Angle 91
100%
Hardcore Justice '11 8/7/2011 Kurt Angle 72
100%
TNA Impact! 1/31/2015 Kurt Angle 145
100%
Impact: Final Resolution 12/3/2013 Magnus 128
100%
Bound for Glory XI 10/4/2015 Matt Hardy 2
100%
TNA Impact! 1/8/2016 Matt Hardy 67
100%
Lockdown '09 4/19/2009 Mick Foley 63
100%
Genesis '11 1/9/2011 Mr. Anderson 35
100%
Slammiversary IX 6/12/2011 Mr. Anderson 29
100%
Redemption 4/22/2018 Pentagon Jr. 2
100%
TNA Impact! 10/25/2019 Sami Callihan 79
100%
Lockdown '08 4/13/2008 Samoa Joe 182
100%
Bound for Glory III 10/14/2007 Sting 2
100%
Bound for Glory IV 10/12/2008 Sting 189
100%
TNA Impact! 2/24/2011 Sting 108
100%
TNA Impact! 7/11/2011 Sting 27
100%
Slammiversary XV 7/2/2017 Alberto El Patron 43
50%
Against All Odds '23 6/9/2023 Alex Shelley 218
50%
TNA Impact! 9/18/2014 Bobby Roode 111
50%
Rebellion '19 4/28/2019 Brian Cage 180
50%
AEW Rampage 8/13/2021 Christian Cage 71
50%
GFW Impact! 8/17/2017 Eli Drake 146
50%
TNA Impact! 4/10/2014 Eric Young 70
50%
TNA Impact! 6/25/2015 Ethan Carter III 101
50%
TNA Impact! 1/5/2016 Ethan Carter III 3
50%
TNA Impact! 11/13/2025 Frankie Kazarian N/A
50%
Rebellion '21 4/25/2021 Kenny Omega 110
50%
Bound for Glory 10/25/2025 Mike Santana 32
50%
Bound for Glory XVII 10/23/2021 Moose 182
50%
Hard to Kill '24 1/13/2024 Moose 189
50%
Bound for Glory XVI 10/24/2020 Rich Swann 183
50%
TNA Impact! 4/19/2010 Rob Van Dam 113
50%
Hard to Kill '20 1/12/2020 Tessa Blanchard 165
50%
NXT Battleground 5/25/2025 Trick Williams 140
50%
Slammiversary XVIII 7/18/2020 Eddie Edwards 28
0%
TNA Impact! 8/15/2020 Eric Young 70
0%
Genesis '25 1/19/2025 Joe Hendry 126
0%
Bound for Glory XVII 10/23/2021 Josh Alexander 1
0%
Rebellion '22 4/23/2022 Josh Alexander 335
0%
Slammiversary XXII 7/20/2024 Nic Nemeth 183
0%
Rebellion '23 4/16/2023 Steve Maclin 54
0%
No matching quizzes found
Score Distribution
Percent of People with Each Score
Percentile by Number Answered
Your Score History
You have not taken this quiz since the last reset